| 000 | 01197nam a2200313 i 4500 | ||
|---|---|---|---|
| 003 | EG-GICUC | ||
| 005 | 20260226150836.0 | ||
| 008 | 251222s1969 ua ||||fr|||| 00| 0 ara d | ||
| 017 | _a1969/3826 | ||
| 040 |
_a EG-GICUC _bara _c EG-GICUC _d EG-GICUC _erda |
||
| 041 | 0 | _aara | |
| 082 | 0 | 4 |
_221 _a345.455 _bس ع . ر |
| 092 | 0 | 4 | _221 |
| 099 | _aLaw1 07 345.455 س ع . ر 1969 | ||
| 100 | 0 |
_aسعيد يحيى _eمؤلف. |
|
| 245 | 1 | 2 |
_aالرقابة على القطاع العام مدى تاثيرها على استقلاله : _b (دراسة مقارنة ) / _cالدكتور سعيد يحيى. |
| 264 | 1 |
_aالقاهرة : _bالمكتب المصرى الحديث، _c1969. |
|
| 300 |
_a279 ؛ صفحة _c24 سم. |
||
| 336 |
_2rda content _atext |
||
| 337 |
_2rda media _aComputer |
||
| 338 |
_2rda carrier _aOnline Resource |
||
| 504 | _a. 250-268 ببليوجرافيا: صفحات | ||
| 546 | _aالنص باللغة العربية | ||
| 650 | 1 | 4 | _aالنظام القانوني للعاملين بالقطاع العام |
| 650 | 1 | 4 | _aالقانون الإدارى |
| 856 | 4 | 0 | _uhttps://fll.law.cu.edu.eg/fulltext/bks/B07-01518.pdf |
| 905 | _a77 | ||
| 942 |
_2ddc _cBK _e21 _n0 |
||
| 999 |
_c52184 _d52184 |
||